[Event "Ostravský koník 2014 - MÈR"]
[Site "Ostrava, CZE"]
[Date "2014.04.28"]
[Round "3"]
[White "Freisler, Pavel"]
[Black "Nguyen, Thai Dai Van"]
[Result "1/2-1/2"]
[WhiteElo "2357"]
[BlackElo "2217"]
[PlyCount "119"]

1. Nf3 Nf6 2. d4 d5 3. c4 e6 4. Nc3 Be7 5. Bg5 O-O 6. e3 h6 7. Bh4 b6 8. cxd5
exd5 9. Rc1 Bb7 10. Bd3 Nbd7 11. O-O c5 12. Bf5 Re8 13. Qc2 a6 14. dxc5 bxc5
15. Rfd1 d4 16. exd4 Bxf3 17. gxf3 c4 18. Bg3 Nb6 19. d5 Bd6 20. Ne4 Nxe4 21.
fxe4 h5 22. f3 h4 23. Bxd6 Qxd6 24. Qf2 g6 25. Bh3 Re5 26. b3 Rg5+ 27. Kh1 Qf4
28. bxc4 Na4 29. Rg1 Rxg1+ 30. Rxg1 Rb8 31. Bg4 g5 32. Re1 Rb2 33. Re2 Rb1+ 34.
Kg2 Nc3 35. Re1 Nd1 36. Rxd1 Rxd1 37. Kh3 Rd2 38. Qg1 f5 39. exf5 Qxc4 40. f6
Qf4 41. f7+ Kg7 42. f8=Q+ Qxf8 43. Qa7+ Qf7 44. Qe3 Qxd5 45. Qe7+ Kg6 46. Qe8+
Kg7 47. Qe7+ Kg6 48. Qe8+ Kf6 49. Qh8+ Ke7 50. Qg7+ Kd6 51. Qf6+ Kc5 52. Qxa6
Qxa2 53. Qc8+ Kd4 54. Qh8+ Ke3 55. Qe5+ Kf2 56. Qxg5 Kf1 57. Qb5+ Ke1 58. Qe5+
Kf1 59. Qb5+ Ke1 60. Qe5+ 1/2-1/2

[Event "Ostravský koník 2014 - MÈR"]
[Site "Ostrava, CZE"]
[Date "2014.04.28"]
[Round "3"]
[White "Toman, Jaroslav"]
[Black "Michenka, Jozef"]
[Result "1-0"]
[WhiteElo "2220"]
[BlackElo "2353"]
[PlyCount "103"]

1. d4 Nf6 2. c4 e6 3. Nf3 d5 4. Nc3 c6 5. Bg5 Nbd7 6. e3 Qa5 7. cxd5 Nxd5 8.
Qb3 h6 9. Bh4 Bb4 10. Rc1 b6 11. Nd2 Ba6 12. Nc4 Bxc4 13. Bxc4 O-O 14. O-O Nxc3
15. bxc3 Ba3 16. Rce1 Rfe8 17. f4 b5 18. Bd3 Be7 19. Bg3 b4 20. f5 e5 21. f6
Bxf6 22. cxb4 Qc7 23. Bc4 Re7 24. Rf5 Rf8 25. Ref1 Qb8 26. a4 Qe8 27. d5 cxd5
28. Bxd5 Nb6 29. b5 Nxd5 30. Qxd5 Qd8 31. Rd1 Qb6 32. Qe4 Rd8 33. Rff1 Red7 34.
Rxd7 Rxd7 35. Rc1 Qd8 36. h3 Rd2 37. Kh2 g6 38. Qb7 Rd7 39. Qc6 Kg7 40. a5 Rd6
41. Qc7 Rd5 42. b6 axb6 43. axb6 Rb5 44. b7 Qxc7 45. Rxc7 g5 46. e4 Kg6 47. Bf2
Bd8 48. Rd7 g4 49. Rxd8 Rxb7 50. Rg8+ Kh7 51. Rxg4 Rb4 52. Bc5 1-0

[Event "Ostravský koník 2014 - MÈR"]
[Site "Ostrava, CZE"]
[Date "2014.04.28"]
[Round "3"]
[White "Dolezal, Radoslav"]
[Black "Machycek, Lubomír"]
[Result "1-0"]
[WhiteElo "2344"]
[BlackElo "2210"]
[PlyCount "121"]

1. d4 Nf6 2. Nf3 d5 3. c4 e6 4. Nc3 Be7 5. Bf4 O-O 6. e3 c5 7. dxc5 Bxc5 8. Be2
dxc4 9. Bxc4 a6 10. a4 Nc6 11. O-O Qb6 12. Qb3 Qxb3 13. Bxb3 Bd7 14. Rfd1 Rfd8
15. Nd2 Be8 16. Nc4 Nb4 17. Na5 Bc6 18. Bc7 Rxd1+ 19. Rxd1 Rc8 20. Be5 Kf8 21.
Kf1 Ke7 22. Bc4 Rd8 23. Rxd8 Kxd8 24. h3 Bb6 25. Nxc6+ Nxc6 26. Bd6 Ba5 27. Bf8
Ne8 28. Na2 Bc7 29. Bd3 h6 30. Be4 Kd7 31. Nb4 Nd8 32. Nd3 Bd6 33. Nc5+ Kc7 34.
Bxd6+ Nxd6 35. Bf3 Nc4 36. Nd3 Kd6 37. Ke2 a5 38. b3 Nb6 39. Kd2 Nd7 40. Kc3
Nc5 41. Nb2 b6 42. b4 Ncb7 43. Nc4+ Kc7 44. bxa5 bxa5 45. Kd4 f6 46. Bxb7 Nxb7
47. f4 Kc6 48. e4 Kd7 49. e5 f5 50. Nd2 Kc6 51. Nb3 Kb6 52. Kc4 g5 53. fxg5
hxg5 54. g3 Nd8 55. Nd4 Nf7 56. Nxe6 Nxe5+ 57. Kd5 Nf3 58. Nd4 Ng1 59. h4 f4
60. h5 Ne2 61. h6 1-0

[Event "Ostravský koník 2014 - MÈR"]
[Site "Ostrava, CZE"]
[Date "2014.04.28"]
[Round "3"]
[White "Jedlièka, Ales"]
[Black "Svoboda, Svatopluk"]
[Result "0-1"]
[WhiteElo "2199"]
[BlackElo "2334"]
[PlyCount "104"]

1. d4 Nf6 2. c4 g6 3. Nf3 Bg7 4. g3 d5 5. cxd5 Nxd5 6. Bg2 Nb6 7. O-O O-O 8.
Nc3 Nc6 9. e3 Re8 10. Nh4 e5 11. d5 Na5 12. Rb1 Qe7 13. e4 Rd8 14. b3 Nc6 15.
Nb5 Nd4 16. Ba3 Qd7 17. Nxd4 exd4 18. Bc5 c6 19. Bxd4 cxd5 20. Bxg7 Kxg7 21.
Qd4+ Kg8 22. exd5 Nxd5 23. Rfe1 Nc7 24. Qf6 Qd6 25. Qxd6 Rxd6 26. Re7 Bd7 27.
Bxb7 Rb8 28. Bf3 Ne6 29. Bg4 Kf8 30. Rxd7 Rxd7 31. Bxe6 fxe6 32. Nf3 Rc8 33.
Rb2 Rc5 34. Kg2 Ke7 35. h4 h6 36. b4 Rb7 37. Re2 Rxb4 38. Ne5 Ra4 39. Nxg6+ Kf6
40. Nf4 e5 41. Nd3 Rd5 42. Nc1 Rc4 43. Nb3 a5 44. Nd2 Rb4 45. Ne4+ Ke6 46. g4
a4 47. f3 a3 48. Kg3 Rb2 49. Re3 Rd1 50. Rxa3 Rg1+ 51. Kh3 Rgg2 52. Ra6+ Ke7
0-1

[Event "Ostravský koník 2014 - MÈR"]
[Site "Ostrava, CZE"]
[Date "2014.04.28"]
[Round "3"]
[White "Szotkowski, Jakub"]
[Black "Sobek, Jaroslav"]
[Result "0-1"]
[WhiteElo "2161"]
[BlackElo "2327"]
[PlyCount "128"]

1. Nf3 Nf6 2. c4 g6 3. Nc3 d6 4. d4 Bg7 5. e4 O-O 6. Be2 Nbd7 7. O-O e5 8. Be3
Ng4 9. Bg5 f6 10. Bd2 Nh6 11. d5 Nf7 12. Qc2 a5 13. a3 Nc5 14. b4 Na6 15. Na4
f5 16. Bd3 f4 17. c5 g5 18. Bxa6 bxa6 19. cxd6 cxd6 20. bxa5 g4 21. Ne1 Bd7 22.
Nb6 Rb8 23. a4 Ng5 24. Ra3 Be8 25. f3 Bg6 26. Bb4 Rxb6 27. axb6 Qxb6+ 28. Bc5
dxc5 29. Qc4 Nf7 30. Rb3 Qa5 31. Nd3 Rc8 32. d6 Qd8 33. Rd1 Qxd6 34. Nf2 Qc6
35. a5 gxf3 36. Rb6 Qc7 37. Qe6 Rd8 38. gxf3 Rxd1+ 39. Nxd1 Bf8 40. Nc3 c4 41.
Nd5 Qd8 42. Rc6 Qh4 43. Nf6+ Kg7 44. Qxc4 Qe1+ 45. Kg2 Be7 46. Ne8+ Kf8 47. Nc7
Qd2+ 48. Kg1 Qd1+ 49. Kg2 Qd2+ 50. Kg1 Kg7 51. Ne8+ Kg8 52. Rc8 Bd8 53. Qxa6
Ng5 54. Nf6+ Kh8 55. Qf1 Kg7 56. h4 Nxf3+ 57. Qxf3 Bxf6 58. a6 Qe1+ 59. Qf1
Qxh4 60. a7 Bxe4 61. Rg8+ Kh6 62. Qc4 Qh1+ 63. Kf2 Bh4+ 64. Ke2 Qe1# 0-1

[Event "Ostravský koník 2014 - MÈR"]
[Site "Ostrava, CZE"]
[Date "2014.04.28"]
[Round "3"]
[White "Marikova, Jana"]
[Black "Svatos, Jan"]
[Result "0-1"]
[WhiteElo "2079"]
[BlackElo "2305"]
[PlyCount "104"]

1. d4 Nf6 2. c4 c5 3. d5 e6 4. Nc3 exd5 5. cxd5 d6 6. e4 g6 7. Be2 Bg7 8. Nf3
O-O 9. O-O Re8 10. Nd2 Nbd7 11. Qc2 Ne5 12. a4 a6 13. h3 g5 14. Nc4 Nxc4 15.
Bxc4 Nd7 16. f4 gxf4 17. Bxf4 Ne5 18. Be2 Ng6 19. Bh5 Nxf4 20. Rxf4 Qg5 21.
Bxf7+ Kh8 22. Raf1 Rf8 23. h4 Bd4+ 24. Kh1 Qh6 25. g3 Be5 26. Qe2 Bh3 27. R1f2
Qg7 28. Kh2 Bxf4 29. Rxf4 Rxf7 30. Kxh3 Rxf4 31. gxf4 Rg8 32. Qf3 Qd4 33. b3 c4
34. bxc4 Qxc4 35. Ne2 b5 36. axb5 axb5 37. Qa3 h6 38. Qe3 b4 39. f5 Kh7 40. f6
Qc8+ 41. Kh2 Qg4 42. Qa7+ Kh8 43. Qf2 Qxe4 44. f7 Qe5+ 45. Ng3 Rf8 46. Qd2 Rxf7
47. Qxb4 Qxd5 48. Qc3+ Qe5 49. Qc8+ Kg7 50. Qg4+ Kh7 51. Qc4 Rg7 52. Qc2+ Kh8
0-1

[Event "Ostravský koník 2014 - MÈR"]
[Site "Ostrava, CZE"]
[Date "2014.04.28"]
[Round "3"]
[White "Didi, Jan"]
[Black "Malik, Jan"]
[Result "1-0"]
[WhiteElo "2069"]
[BlackElo "2289"]
[PlyCount "58"]

1. e4 c5 2. Nf3 d6 3. d4 cxd4 4. Nxd4 Nf6 5. Nc3 a6 6. Be2 e5 7. Nb3 Be7 8. Bg5
Be6 9. a4 Nbd7 10. O-O O-O 11. Bf3 Nb6 12. Re1 Nc4 13. Qc1 Rc8 14. Nd2 h6 15.
Bxf6 Bxf6 16. Nxc4 Rxc4 17. Qd2 Bg5 18. Qe2 Qb6 19. Rab1 Rfc8 20. Bg4 Rd4 21.
Bxe6 fxe6 22. Red1 Rxd1+ 23. Qxd1 Rf8 24. Qe1 Rxf2 25. a5 Qd4 26. Rd1 Re2+ 27.
Rxd4 Rxe1+ 28. Kf2 exd4 29. Kxe1 dxc3 1-0

[Event "Ostravský koník 2014 - MÈR"]
[Site "Ostrava, CZE"]
[Date "2014.04.28"]
[Round "3"]
[White "Sikorova, Olga"]
[Black "Miculka, Petr"]
[Result "1-0"]
[WhiteElo "2288"]
[BlackElo "2017"]
[PlyCount "91"]

1. d4 Nf6 2. Nc3 d5 3. Bg5 e6 4. e4 dxe4 5. Nxe4 Be7 6. Bxf6 Bxf6 7. Nf3 O-O 8.
c3 b6 9. Bd3 Bb7 10. h4 Nd7 11. Bc2 Ba6 12. Neg5 h6 13. Be4 e5 14. Qc2 exd4 15.
O-O-O Nc5 16. Bh7+ Kh8 17. cxd4 Ne6 18. Nxe6 fxe6 19. Be4 c5 20. dxc5 Qc7 21.
Bxa8 Rxa8 22. Ng5 Qxc5 23. Qxc5 bxc5 24. Nxe6 Bc4 25. Rhe1 Bxa2 26. Nc7 Rb8 27.
Re8+ Rxe8 28. Nxe8 Bxh4 29. g3 Be7 30. Rd7 Bf8 31. Rxa7 Bd5 32. Nc7 Bg8 33. Ra8
Bd6 34. Rc8 c4 35. Nd5 Kh7 36. Ne3 Bb4 37. Kd1 Be6 38. Rc6 Bf7 39. Ke2 Be8 40.
Rc8 Bd7 41. Rb8 Bc5 42. Nxc4 Bg4+ 43. f3 Be6 44. Ne3 g6 45. b4 Bd4 46. Kd3 1-0

[Event "Ostravský koník 2014 - MÈR"]
[Site "Ostrava, CZE"]
[Date "2014.04.28"]
[Round "3"]
[White "Dobrovolsky, Ladislav"]
[Black "Soural, Jan"]
[Result "1/2-1/2"]
[WhiteElo "2334"]
[BlackElo "2194"]
[PlyCount "153"]

1. Nf3 Nf6 2. b3 c5 3. Bb2 e6 4. c4 Be7 5. e3 b6 6. Be2 Bb7 7. O-O O-O 8. Nc3
d6 9. d4 cxd4 10. Qxd4 a6 11. Rfd1 Qc7 12. Rac1 Nbd7 13. h3 Rfe8 14. e4 Rac8
15. Qe3 Qb8 16. Re1 Bd8 17. Bf1 Bc7 18. Rcd1 Rcd8 19. b4 d5 20. e5 Ne4 21. cxd5
Nxc3 22. Bxc3 Bxd5 23. Bxa6 b5 24. Bd4 Bxf3 25. Qxf3 Nxe5 26. Qb7 Qxb7 27. Bxb7
f6 28. f4 Rxd4 29. Rxd4 Bb6 30. fxe5 Bxd4+ 31. Kf1 Bxe5 32. Bc6 Rb8 33. Rd1 Rb6
34. Bd7 Kf7 35. Ke2 Ke7 36. Bc8 Bd6 37. a3 Rb8 38. Rc1 Ra8 39. Rc3 Rb8 40. Ba6
Rb6 41. Bc8 h5 42. Re3 Bf4 43. Rd3 Bd6 44. Rc3 h4 45. Re3 Be5 46. Rd3 Rd6 47.
Bb7 Bd4 48. Rd2 f5 49. Rc2 Rb6 50. Bc8 Kd6 51. Kd3 Bf6 52. Re2 Kd5 53. Bd7 g6
54. Rc2 Bd4 55. a4 bxa4 56. b5 Bc5 57. Bc6+ Kd6 58. Kc4 e5 59. Rd2+ Bd4 60. Ra2
Rb8 61. Rxa4 g5 62. Ra8 Rxa8 63. Bxa8 Bb6 64. Kd3 e4+ 65. Ke2 Ke5 66. Bc6 Kf4
67. Bd7 g4 68. hxg4 fxg4 69. Kf1 Kg3 70. Bc6 e3 71. Bd5 Bc5 72. Bc6 Kf4 73. Ke2
Ba7 74. Bd5 Kg3 75. Kf1 Kh2 76. Bc6 Bb6 77. Bd5 1/2-1/2

[Event "Ostravský koník 2014 - MÈR"]
[Site "Ostrava, CZE"]
[Date "2014.04.28"]
[Round "3"]
[White "Sindler, Michal"]
[Black "Obsivac, Josef"]
[Result "1/2-1/2"]
[WhiteElo "2157"]
[BlackElo "2299"]
[PlyCount "160"]

1. d4 Nf6 2. c4 c5 3. d5 e5 4. Nc3 d6 5. e4 Nbd7 6. Bd3 g6 7. Bg5 a6 8. f3 Be7
9. Be3 Nh5 10. Nge2 Bg5 11. Qd2 h6 12. g3 Bxe3 13. Qxe3 Rb8 14. a4 Kf8 15. Kd2
Kg7 16. Raf1 Nhf6 17. h3 Qa5 18. Kc2 Qb4 19. Ra1 Qa5 20. Nc1 Ne8 21. Nb3 Qd8
22. Nd2 Rf8 23. f4 Qe7 24. Rae1 Nef6 25. f5 Nh7 26. h4 Ndf6 27. Qf3 h5 28. Nf1
Ng4 29. Ne3 Nhf6 30. Nxg4 Nxg4 31. b3 Bd7 32. Rhg1 Qd8 33. Qe2 Rg8 34. Rb1 gxf5
35. exf5 f6 36. Rgf1 Kf7 37. Ne4 Ke7 38. Qd2 Qf8 39. Be2 b6 40. Ra1 Qg7 41. Bd3
Qh6 42. Rf3 Qxd2+ 43. Kxd2 Nh6 44. Nc3 Rg7 45. Ne2 Kd8 46. Bc2 Kc7 47. Raf1
Rbg8 48. Be4 Kb7 49. Kd3 b5 50. Rb1 Rb8 51. Nc3 bxc4+ 52. bxc4+ Kc7 53. Rxb8
Kxb8 54. a5 Kc7 55. Kc2 Rg8 56. Bd3 Rb8 57. Rf1 Rb4 58. Kc1 Ng4 59. Rf3 Kd8 60.
Kc2 Ke7 61. Kc1 Ba4 62. Na2 Rb3 63. Be2 Rxf3 64. Bxf3 Bb3 65. Nc3 Bxc4 66. Kd2
Nh6 67. Be4 Bf1 68. Nd1 Bb5 69. Ne3 Bd7 70. Kc3 Kd8 71. Kc4 Be8 72. Bf3 Ke7 73.
Kc3 Bd7 74. Be4 Kf8 75. Bd3 Bc8 76. Be4 Kg7 77. Bd3 Kf8 78. Be4 Kg8 79. Bd3 Kg7
80. Bc4 Nf7 1/2-1/2

[Event "Ostravský koník 2014 - MÈR"]
[Site "Ostrava, CZE"]
[Date "2014.04.28"]
[Round "3"]
[White "Sabol, Marian"]
[Black "Vybiral, Zdenek"]
[Result "1/2-1/2"]
[WhiteElo "2295"]
[BlackElo "2167"]
[PlyCount "142"]

1. d4 e6 2. g3 f5 3. Bg2 Nf6 4. Nf3 d5 5. O-O Bd6 6. b3 Qe7 7. c4 c6 8. a4 a5
9. c5 Bc7 10. Bf4 O-O 11. Nc3 Bxf4 12. gxf4 Ne4 13. Qc1 Bd7 14. Ne5 Be8 15. f3
Nf6 16. e4 Nh5 17. exd5 exd5 18. Ne2 Qh4 19. Qe1 Qf6 20. Qd2 Qh6 21. Nd3 Qf6
22. Qe3 Na6 23. Ng3 Bg6 24. Nxh5 Bxh5 25. Qf2 Nc7 26. Rae1 Ne6 27. Re5 Rfe8 28.
Bh3 Bg6 29. Rfe1 Nf8 30. Qg3 Nd7 31. Rxe8+ Rxe8 32. Rxe8+ Bxe8 33. Ne5 Nf8 34.
Kf2 Ne6 35. Ke3 h6 36. Kd3 g5 37. fxg5 hxg5 38. Kc3 Kg7 39. Bf1 Bg6 40. Bd3 f4
41. Qe1 Bxd3 42. Kxd3 Qf5+ 43. Kc3 Qh3 44. Qe2 Qf5 45. Ng4 Kg6 46. Qe1 Kh5 47.
Qf1 Kh4 48. Qf2+ Kh5 49. Qg2 Kh4 50. Nh6 Qh3 51. Qf2+ Kh5 52. Ng4 Kg6 53. Qe2
Kf7 54. Qd3 Ng7 55. Ne5+ Kg8 56. Ng4 Kf7 57. b4 Qg2 58. Kb3 Qh1 59. bxa5 Qe1
60. a6 bxa6 61. Ne5+ Kg8 62. Nxc6 a5 63. Qc3 Qd1+ 64. Ka3 g4 65. Ne5 g3 66.
hxg3 fxg3 67. c6 Ne6 68. c7 Nxc7 69. Qxc7 Qa1+ 70. Kb3 Qb1+ 71. Ka3 Qa1+
1/2-1/2

[Event "Ostravský koník 2014 - MÈR"]
[Site "Ostrava, CZE"]
[Date "2014.04.28"]
[Round "3"]
[White "Pacl, Václav"]
[Black "Olšar, Jaroslav"]
[Result "1/2-1/2"]
[WhiteElo "2150"]
[BlackElo "2267"]
[PlyCount "98"]

1. Nf3 d5 2. c4 c6 3. e3 Nf6 4. Nc3 e6 5. Qc2 Bd6 6. b3 Nbd7 7. Bb2 O-O 8. Be2
Re8 9. O-O dxc4 10. bxc4 e5 11. d4 e4 12. Nd2 Qe7 13. Rae1 Nf8 14. f3 exf3 15.
Bxf3 Ng4 16. Bxg4 Bxg4 17. c5 Bc7 18. e4 Rad8 19. Nb3 Ne6 20. Qf2 Nf4 21. Re3
Nd5 22. Nxd5 cxd5 23. e5 Bh5 24. Bc1 Qe6 25. Rc3 Rc8 26. Bg5 Bd8 27. Bxd8 Rexd8
28. Rfc1 Qc6 29. Nd2 Qa4 30. Nf1 Bg6 31. Ng3 Rc6 32. h4 h6 33. h5 Bh7 34. Rf1
Rf8 35. Rf3 Ra6 36. Rxf7 Rxf7 37. Qxf7+ Kh8 38. Qxd5 Qe8 39. Qxb7 Rxa2 40. Qc7
Bg8 41. Qd6 Qa4 42. Rf8 Rd2 43. e6 Rxd4 44. e7 Rd1+ 45. Nf1 Rxd6 46. cxd6 Qd4+
47. Kh1 Qh4+ 48. Kg1 Qd4+ 49. Kh1 Qh4+ 1/2-1/2

[Event "Ostravský koník 2014 - MÈR"]
[Site "Ostrava, CZE"]
[Date "2014.04.28"]
[Round "3"]
[White "Olsarova, Tereza"]
[Black "Chlevistan, Jakub"]
[Result "1-0"]
[WhiteElo "2260"]
[BlackElo "2142"]
[PlyCount "45"]

1. e4 c5 2. Nf3 e6 3. d4 cxd4 4. Nxd4 Nf6 5. Bd3 Nc6 6. Nxc6 dxc6 7. O-O e5 8.
Nd2 Bg4 9. Qe1 Qc7 10. Nc4 Be6 11. Qa5 Qxa5 12. Nxa5 O-O-O 13. Be3 Kb8 14. b4
Rd7 15. Rfb1 Be7 16. b5 cxb5 17. Rxb5 Rc8 18. Rab1 Rcc7 19. f3 Bxa2 20. Ra1 a6
21. Rb2 Be6 22. Bxa6 Ne8 23. Bb5 1-0

[Event "Ostravský koník 2014 - MÈR"]
[Site "Ostrava, CZE"]
[Date "2014.04.28"]
[Round "3"]
[White "Belunek, Vladimir"]
[Black "Ockay, Tomas"]
[Result "1-0"]
[WhiteElo "2252"]
[BlackElo "2154"]
[PlyCount "65"]

1. Nf3 Nf6 2. d4 e6 3. g3 b6 4. Bg2 Bb7 5. O-O Be7 6. c4 O-O 7. Nc3 Ne4 8. Qd3
Nxc3 9. Qxc3 f5 10. Rd1 Bf6 11. Qe3 Be4 12. b3 Nc6 13. Bb2 Qc8 14. Bc3 Qb7 15.
Rac1 Rae8 16. Bh3 Nd8 17. Ne5 Qc8 18. f3 Bb7 19. g4 g6 20. c5 d6 21. cxd6 cxd6
22. Bb4 Qa8 23. Bxd6 Be7 24. Bxe7 Rxe7 25. Rc3 Nc6 26. Nxc6 Bxc6 27. gxf5 gxf5
28. Kf2 Bd5 29. Rg1+ Kf7 30. Qe5 Ke8 31. Rg7 Qb7 32. Rc7 Rxg7 33. Qxg7 1-0

[Event "Ostravský koník 2014 - MÈR"]
[Site "Ostrava, CZE"]
[Date "2014.04.28"]
[Round "3"]
[White "Zidek, Václav"]
[Black "Havlíková, Kristýna"]
[Result "1/2-1/2"]
[WhiteElo "2135"]
[BlackElo "2251"]
[PlyCount "126"]

1. d4 Nf6 2. c4 g6 3. f3 e5 4. dxe5 Nh5 5. f4 d6 6. Nf3 Nc6 7. Nc3 Bg4 8. exd6
Bxd6 9. e3 O-O 10. Be2 Re8 11. O-O Nf6 12. h3 Bf5 13. Nd4 Be4 14. Nxe4 Nxe4 15.
Nxc6 bxc6 16. Bf3 Bc5 17. Qc2 f5 18. Rd1 Qh4 19. b4 Bxb4 20. c5 Rad8 21. Bxe4
Rxd1+ 22. Qxd1 Rxe4 23. Bb2 Bxc5 24. Qb3+ Kf8 25. Qb8+ Re8 26. Qxc7 Bxe3+ 27.
Kh1 Qe7 28. Qxc6 Bxf4 29. Qc3 Be5 30. Qd2 Bxb2 31. Qxb2 Qe5 32. Qa3+ Re7 33.
Rc1 Kg7 34. Rc5 Qd4 35. Rc1 Qf6 36. Qb4 Qe5 37. Qb3 Kh6 38. Qb4 Qe3 39. Qh4+
Kg7 40. Qc4 f4 41. Rf1 g5 42. Qb4 Qe5 43. Qb3 Rc7 44. Rd1 Qf6 45. Qd5 Re7 46.
Rb1 Rf7 47. Rb7 Rxb7 48. Qxb7+ Qf7 49. Qb2+ Kg6 50. Qc2+ Qf5 51. Qc6+ Qf6 52.
Qe4+ Kh6 53. a4 a5 54. Kh2 Qd6 55. Kh1 Qf6 56. Kh2 g4 57. hxg4 Qh4+ 58. Kg1
Qxg4 59. Qc6+ Kh5 60. Qd5+ Qg5 61. Qf7+ Kh6 62. Qf8+ Kh5 63. Qf7+ Kh6 1/2-1/2

[Event "Ostravský koník 2014 - MÈR"]
[Site "Ostrava, CZE"]
[Date "2014.04.28"]
[Round "3"]
[White "Dobes, Vojtìch"]
[Black "Bartos, Jan"]
[Result "1/2-1/2"]
[WhiteElo "2103"]
[BlackElo "2232"]
[PlyCount "74"]

1. e4 e5 2. Nf3 Nc6 3. Bb5 Nf6 4. O-O Nxe4 5. d4 Nd6 6. Bxc6 dxc6 7. dxe5 Nf5
8. Qxd8+ Kxd8 9. h3 h5 10. Nc3 Ke8 11. Ne4 Be6 12. b3 Be7 13. Bb2 Rh6 14. Neg5
Rd8 15. Nxe6 Rxe6 16. Rfd1 c5 17. Rxd8+ Bxd8 18. c4 Be7 19. g3 Ra6 20. Kf1 g5
21. g4 hxg4 22. hxg4 Ng7 23. Bc1 Ne6 24. Be3 f6 25. exf6 Bxf6 26. Re1 Rxa2 27.
Bxg5 Kf7 28. Bxf6 Kxf6 29. g5+ Nxg5 30. Nxg5 Kxg5 31. Re5+ Kf4 32. Rxc5 Rb2 33.
Rxc7 Rxb3 34. c5 a5 35. Ke2 a4 36. c6 bxc6 37. Rxc6 Rb2+ 1/2-1/2

[Event "Ostravský koník 2014 - MÈR"]
[Site "Ostrava, CZE"]
[Date "2014.04.28"]
[Round "3"]
[White "Splíchal, Stanislav"]
[Black "Krajina, Ales"]
[Result "1/2-1/2"]
[WhiteElo "2125"]
[BlackElo "2228"]
[PlyCount "48"]

1. d4 d5 2. Nf3 Nc6 3. g3 Bg4 4. Bg2 Qd7 5. h3 Bf5 6. Bf4 f6 7. Nc3 g5 8. Be3
h6 9. h4 g4 10. Nd2 e6 11. Nb3 a5 12. a4 Nb4 13. Rc1 Qh7 14. Na1 c6 15. Bf4 Ne7
16. O-O O-O-O 17. e4 dxe4 18. Qe2 Ned5 19. Bd2 Nxc3 20. bxc3 Nd5 21. Nb3 Qc7
22. Bxe4 b6 23. Bg2 Qh7 24. c4 Nb4 1/2-1/2

[Event "Ostravský koník 2014 - MÈR"]
[Site "Ostrava, CZE"]
[Date "2014.04.28"]
[Round "3"]
[White "Frolík, Martin"]
[Black "Richterova, Nataša"]
[Result "1-0"]
[WhiteElo "2213"]
[BlackElo "2034"]
[PlyCount "101"]

1. d4 d6 2. c4 e5 3. d5 f5 4. Nc3 Nf6 5. g3 Be7 6. Bg2 O-O 7. Qc2 a5 8. a3 Na6
9. Rb1 Nc5 10. b4 axb4 11. axb4 Nce4 12. Nxe4 fxe4 13. h3 Bf5 14. e3 Qd7 15. g4
Bg6 16. Ne2 b5 17. g5 Nh5 18. Bxe4 Bxe4 19. Qxe4 Bxg5 20. Qg4 Qf5 21. Qxf5 Rxf5
22. e4 Bxc1 23. exf5 Bg5 24. cxb5 Rb8 25. h4 Be7 26. Nc3 Nf4 27. Kd2 Ng2 28.
Ra1 Rb7 29. Ra8+ Kf7 30. Rha1 Nxh4 31. R1a7 Rb6 32. Rxc7 Nxf5 33. Ra6 Rb8 34.
b6 Ke8 35. b7 Bd8 36. Rc8 Rxb7 37. Raa8 Rd7 38. Nb5 Ke7 39. Rcb8 h5 40. Na7 Bc7
41. Rf8 Rd8 42. Raxd8 Bxd8 43. Rxf5 g6 44. Rf3 Ke8 45. Nc6 Bg5+ 46. Ke2 Bf4 47.
b5 Kd7 48. b6 Kc8 49. Rb3 Kb7 50. Na5+ Kb8 51. b7 1-0

[Event "Ostravský koník 2014 - MÈR"]
[Site "Ostrava, CZE"]
[Date "2014.04.28"]
[Round "3"]
[White "Lys, Josef"]
[Black "Bures, Martin"]
[Result "1-0"]
[WhiteElo "2206"]
[BlackElo "2156"]
[PlyCount "119"]

1. d4 e6 2. c4 c5 3. e3 b6 4. Qf3 Nc6 5. d5 exd5 6. cxd5 Ne5 7. Qg3 Bd6 8. Qxg7
Nf6 9. Nc3 Rg8 10. Qh6 Neg4 11. Qh3 Bb7 12. f3 Nxh2 13. Rxh2 Bg3+ 14. Kd1 Bxh2
15. Qxh2 Nxd5 16. Nxd5 Bxd5 17. Qxh7 f6 18. Ne2 Qe7 19. Qxe7+ Kxe7 20. Nf4 Bc6
21. Bc4 d5 22. Bxd5 Rad8 23. e4 Bxd5 24. exd5 Kd6 25. Ke2 Rde8+ 26. Kf2 Rh8 27.
Bd2 Rh4 28. Kg3 Rh7 29. Bc3 Rg8+ 30. Kf2 Rh4 31. Nh3 Kxd5 32. Bxf6 Rc4 33. g4
Rc2+ 34. Kg3 b5 35. Nf4+ Kc6 36. g5 b4 37. g6 c4 38. g7 a5 39. Ng6 Kb5 40. a4+
Kc5 41. Ne7 Rxg7+ 42. Bxg7 c3 43. bxc3 b3 44. Nf5 b2 45. Rb1 Re2 46. Nd4 Re8
47. Rxb2 Rg8 48. Nf5 Kc4 49. Rb5 Ra8 50. Nd6+ Kd3 51. c4 Rg8 52. Rb7 Ra8 53. c5
Rd8 54. Kf2 Ra8 55. c6 Ra6 56. c7 Rc6 57. c8=Q Rc1 58. Qf5+ Kd2 59. Rb2+ Kd1
60. Qd3# 1-0

[Event "Ostravský koník 2014 - MÈR"]
[Site "Ostrava, CZE"]
[Date "2014.04.28"]
[Round "3"]
[White "Karhánek, Pavel"]
[Black "Kubík, Michael"]
[Result "0-1"]
[WhiteElo "2130"]
[BlackElo "2203"]
[PlyCount "110"]

1. d4 Nf6 2. c3 d6 3. Bg5 Nbd7 4. Nd2 e5 5. e3 Be7 6. Bd3 h6 7. Bh4 O-O 8. Ne2
d5 9. Rc1 c5 10. O-O b6 11. c4 exd4 12. exd4 Bb7 13. Bb1 dxc4 14. Nxc4 Rc8 15.
dxc5 Rxc5 16. b4 Rc8 17. Qb3 Ne4 18. Bxe7 Qxe7 19. Rcd1 Ndf6 20. Ne3 Rfe8 21.
Nd4 Nc3 22. Ndf5 Qc7 23. Nd6 Nxd1 24. Nxe8 Rxe8 25. Rxd1 Qe5 26. h3 Qg5 27. Qc2
Bf3 28. Rf1 Be4 29. Qb2 Bb7 30. Qc2 g6 31. Rd1 Rc8 32. Qe2 h5 33. Bc2 Ne4 34.
Bxe4 Bxe4 35. Qd2 Re8 36. Qd7 Qe7 37. Qxe7 Rxe7 38. Rd4 Bb7 39. Kh2 Kg7 40. Kg3
Rc7 41. f3 Rc3 42. Kf2 Ra3 43. Rd2 Bc6 44. Nc4 Rc3 45. Nd6 a6 46. Ke2 h4 47.
Rd3 Rc1 48. Ke3 Rb1 49. a3 Ra1 50. Rc3 Bd7 51. Ne4 Ra2 52. Nd2 Bb5 53. f4 Kf8
54. f5 gxf5 55. Rb3 f4+ 0-1

[Event "Ostravský koník 2014 - MÈR"]
[Site "Ostrava, CZE"]
[Date "2014.04.28"]
[Round "3"]
[White "Novosadová, Kristýna"]
[Black "Kozusek, Daniel"]
[Result "0-1"]
[WhiteElo "2187"]
[BlackElo "2098"]
[PlyCount "78"]

1. e4 e6 2. d4 d5 3. Nc3 Bb4 4. e5 c5 5. a3 Bxc3+ 6. bxc3 Ne7 7. Qg4 Qc7 8.
Qxg7 Rg8 9. Qxh7 cxd4 10. Ne2 Nbc6 11. f4 Bd7 12. Qd3 dxc3 13. Qxc3 Nf5 14. Rb1
O-O-O 15. Rg1 d4 16. Qd3 Na5 17. Ng3 Ba4 18. Rb2 Qc3+ 19. Kf2 Ne3 20. Ne4 Ng4+
21. Ke2 Qc6 22. Ke1 Nb3 23. Bd2 Na1 24. Nd6+ Rxd6 25. exd6 Nxc2+ 26. Rxc2 Qxc2
27. Qxc2+ Bxc2 28. h3 Nf6 29. Bb4 Rg3 30. Be2 Rb3 31. Kd2 Rb2 32. Rc1 Ne4+ 33.
Ke1 Kd7 34. Bf3 Nxd6 35. Bc5 d3 36. Bxd6 Kxd6 37. h4 Bb3 38. Ra1 d2+ 39. Kf1
Rc2 0-1

[Event "Ostravský koník 2014 - MÈR"]
[Site "Ostrava, CZE"]
[Date "2014.04.28"]
[Round "3"]
[White "Kolár, Stanislav"]
[Black "Folková, Martina"]
[Result "0-1"]
[WhiteElo "2081"]
[BlackElo "2179"]
[PlyCount "100"]

1. e4 g6 2. d4 c6 3. Nf3 d5 4. e5 Bg4 5. Be2 Bxf3 6. Bxf3 e6 7. O-O h5 8. Nc3
Nh6 9. a4 Nd7 10. Bf4 Nf5 11. Qd2 Be7 12. h3 g5 13. Be3 Nxe5 14. dxe5 d4 15.
Bxd4 Nxd4 16. Qd3 Nxf3+ 17. Qxf3 Qd4 18. Rfe1 g4 19. Qe4 Qxe4 20. Nxe4 gxh3 21.
gxh3 O-O-O 22. Rad1 Rd5 23. Nc3 Rg8+ 24. Kh2 Rc5 25. Re4 f5 26. exf6 Bxf6 27.
Rd3 Rf5 28. f4 e5 29. Rg3 Rd8 30. Rd3 exf4 31. Rxd8+ Bxd8 32. Kg2 f3+ 33. Kf1
Bb6 34. Nd1 Rd5 35. Ne3 Rd2 36. a5 Bxe3 37. Rxe3 Rxc2 38. Rxf3 Rxb2 39. Rf5 Rb5
40. Rf8+ Kd7 41. a6 bxa6 42. Rf7+ Kd6 43. Rxa7 a5 44. Ke2 Kc5 45. Ra6 Rb2+ 46.
Kf3 Rb3+ 47. Kg2 Kb5 48. Ra8 a4 49. Rh8 a3 50. Rxh5+ Kb4 0-1

[Event "Ostravský koník 2014 - MÈR"]
[Site "Ostrava, CZE"]
[Date "2014.04.28"]
[Round "3"]
[White "Dostal, Radim"]
[Black "Vesely, Martin"]
[Result "0-1"]
[WhiteElo "2043"]
[BlackElo "2156"]
[PlyCount "116"]

1. e4 c5 2. Nf3 Nc6 3. d4 cxd4 4. Nxd4 Nf6 5. Nc3 e5 6. Ndb5 d6 7. Bg5 a6 8.
Na3 b5 9. Nd5 Be7 10. Bxf6 Bxf6 11. c3 Bg5 12. Nc2 O-O 13. a4 bxa4 14. Rxa4 a5
15. Bc4 Rb8 16. b3 Kh8 17. Nce3 g6 18. h4 Bxh4 19. g3 Bg5 20. f4 exf4 21. gxf4
Bh4+ 22. Kd2 Rg8 23. Qg1 Rg7 24. Qh2 g5 25. Nf5 Bxf5 26. exf5 f6 27. Raa1 Ne7
28. Nxe7 Rxe7 29. Qg2 Qb6 30. Raf1 a4 31. b4 Qe3+ 32. Kc2 Rc8 33. Qd5 Qe4+ 34.
Qxe4 Rxe4 35. Be6 Rd8 36. Kd3 d5 37. Bxd5 Rxf4 38. Rxf4 gxf4 39. c4 Bg3 40. Ra1
f3 41. Rxa4 f2 42. Ra1 Bd6 43. b5 Bc5 44. Ke2 Re8+ 45. Be6 Kg7 46. Rf1 Ra8 47.
Kf3 Ra2 48. Kg2 Rb2 49. Kf3 h5 50. Bd5 Kh6 51. Kg3 Kg5 52. Be4 h4+ 53. Kh3 Rb3+
54. Kg2 Rg3+ 55. Kh2 Rg1 56. Bg2 Kg4 57. Bh3+ Kf3 58. b6 Bd6# 0-1